| 000 -LEADER |
| fixed length control field |
00836nam a22001577a 4500 |
| 003 - CONTROL NUMBER IDENTIFIER |
| control field |
OSt |
| 005 - DATE AND TIME OF LATEST TRANSACTION |
| control field |
20150930142505.0 |
| 008 - FIXED-LENGTH DATA ELEMENTS--GENERAL INFORMATION |
| fixed length control field |
150930b xxu||||| |||| 00| 0 eng d |
| 040 ## - CATALOGING SOURCE |
| Transcribing agency |
RUA |
| 082 ## - DEWEY DECIMAL CLASSIFICATION NUMBER |
| Classification number |
AGR MEN 2005 B030 Or.1 |
| 100 ## - MAIN ENTRY--PERSONAL NAME |
| 9 (RLIN) |
1608 |
| Personal name |
MEN, SOPHEAP |
| 245 ## - TITLE STATEMENT |
| Title |
Comparing celery cabbage (brassica chinensis l ) varieties under condition of royal university of agriculture crop station in dry season, 2005, ការប្រៀបធៀបពូជដំណាំស្ពៃចង្កឹះក្នុងលក្ខខណ្ឌស្ថានីយ៍ដំណាំសាកលវិទ្យាល័យភូមិន្ទកសិកម្មនៅរដូវប្រាំងឆ្នាំុំុំុំ,២០០៥ |
| 260 ## - PUBLICATION, DISTRIBUTION, ETC. (IMPRINT) |
| Place of publication, distribution, etc. |
Phnom Penh |
| Name of publisher, distributor, etc. |
RUA |
| Date of publication, distribution, etc. |
2005 |
| 300 ## - PHYSICAL DESCRIPTION |
| Extent |
xii; 51p. |
| Other physical details |
ill. |
| Dimensions |
29cm. |
| 942 ## - ADDED ENTRY ELEMENTS (KOHA) |
| Source of classification or shelving scheme |
|
| Koha item type |
AGR |